000 00851nam a22002657a 4500
001 9880
003 FISKH
005 20260311120346.0
008 260311b cb ||||| |||| 00| 0 eng d
040 _aFISKH
_beng
_cFISKH
_dFISKH
050 _aPZ7 .M2773 .L
082 _a823.9
100 _aMahy , Margaret
245 _aLeaf magic /
_cBy Margaret Mahy : pictures by Jenny Williams
260 _aNew York :
_bParents' Magazine Press ,
_c1976 .
300 _a32 unnumbered pages :
_bcolor illustrations ;
_c25 cm .
505 _aG
520 _aMichael desperately wants a dog but all he attracts is a big orange leaf that follows him everywhere.
521 8 _a380
_bLexile estimate
521 8 _aG
_bRaz-Plus
650 _aMagic
_vFiction
700 _aWilliams , Jenny
_eIllustrator
942 _2ddc
_cBK
_n0
999 _c9880
_d9880